000
00229nam a2200121Ia 4500
100
_a
#N/A
942
_c
BK
245
_a
NISES Control System Engineering
260
_b
#N/A
082
_b
22327
546
_a
ENGLISH
999
_c
18149
_d
18149